| 000 | 00000nam##2200000za#4500 |
| 001 | 9.695195 |
| 003 | CaOODSP |
| 005 | 20210624234450 |
| 007 | cr ||||||||||| |
| 008 | 150407|2000||||xxc|||||o f|0| 0 eng|d |
| 040 | |aCaOODSP|beng |
| 043 | |an-cn--- |
| 086 | 1 |aC2-524/2000E-PDF |
| 110 | 1 |aCanada. |bIndustry Canada. |
| 245 | 10|aPathways to growth : |h[electronic resource]|bopportunities in biotechnology |
| 260 | |aOttawa - Ontario : |bIndustry Canada |c[2000]. |
| 300 | |a42p.|bfigs., graphs, tables, photographs |
| 500 | |aContents: The Canadian biotechnology industry: an overview.--R&D, technology transfer and commercialization.--Financing and access to capital.--Skills development and human resources.--Regulation and intellectual property.--Foreign investment and trade.--Conclusion: Canada in the biotech century. |
| 500 | |aThe catalogue number (C2-524/2000E) and ISBN (0-662-29323-1) for the print edition have been incorrectly copied in this electronic publication. |
| 590 | |a11-28-Supp|b2011-11-17 |
| 690 | 07|aBiotechnology|2gcpds |
| 690 | 07|aTechnology transfer|2gcpds |
| 690 | 07|aFinancing|2gcpds |
| 775 | 08|tLes chemins de la croissance : |w(CaOODSP)9.639340 |
| 776 | 0#|tPathways to growth: opportunities in biotechnology |w(CaOODSP)9.647867 |
| 856 | 40|ahttp://publications.gc.ca|qPDF|s2.57 MB|uhttps://publications.gc.ca/collections/Collection/C2-524-2000E.pdf |
| 986 | |a53198 E |